000 00496cam a2200217ua 4500
041 _aeng
_h
082 _a630.33
_bRED/AG
100 _aSubbaReddy, S .
245 0 0 _aAgricultural Economics
260 _aMumbai :
_bOxford & IBH Book Company ,
_c2004.
300 _a ; .
504 _a
700 1 _aRaghuram, T.V .
942 _cBK
999 _c12926
_d12926